000 00902cam a22002055a 4500
001 L149242
008 100209e20100108xxk 000 0 eng d
035 _a(Sirsi) u149242
041 0 _aeng
100 1 _aEade, Christine
245 0 0 _aMarkets
_bIslands of Britain
260 _c2010
490 0 _aProperty Week
_v76(1) 8 January 2010, 39-44(4)
520 _aTesco hopes public inquiry will allow it to break into the Isle of Man's non-food retail market. Dandara proposes a 30 000 sq ft speculative office development in Douglas. Relaxed gaming laws have made the Isle a hub for online gaming operators with large office requirements. Montagu Evans has bought into the Guernsey market with an equity purchase of Jones and Partners.
590 _aKA
651 4 _aIsle of Man
651 4 _aChannel Islands
690 _aPROPERTY-COMMERCIAL PROPERTY-COMMERCIAL PROPERTY MARKET
942 _n0
999 _c82089
_d82089